000
00310nam a22001337a 4500
008
250108b |||||||| |||| 00| 0 eng d
020
_a
009145400
050
_a
HD69.55
_b
.D44
100
_a
Wood Stephen
245
_a
The Degradation of Work
260
_a
London
_b
Hutcman
_c
1982
300
_a
238p.
942
_c
BK
999
_c
1908
_d
1908